Mathematics of classical and quantum physics

Salvato in:
Dettagli Bibliografici
Autori principali: Byron, Frederick W (Autore), Fuller, Robert W (Autore)
Natura: Libro
Lingua:inglese
Pubblicazione: Nueva York Dover 1992
Edizione:1a. ed
Serie:Dover Books on Physics
Soggetti:
Tags: Aggiungi Tag
Nessun Tag, puoi essere il primo ad aggiungerne!!

MARC

LEADER 00000nam a2200000 a 4500
001 UCL7675
003 CL-VaPUC
008 040528e19920000us |||||||||||||||||eng|d
020 |a 048667164X 
082 0 4 |a 530.15  |b BYR  |2 21 
100 0 |a Byron, Frederick W  |e author  |9 485523 
700 0 |a Fuller, Robert W  |e author  |9 485524 
245 1 0 |a Mathematics of classical and quantum physics 
250 |a 1a. ed 
300 |a 661 p 
942 |c BK 
945 |d 20040528 00:00:00  |a cmena 
260 |a Nueva York  |b Dover  |c 1992 
650 0 |a Física matemática   |9 260981 
650 0 |a Espacios vectoriales   |9 21 
650 0 |a Funciones (Matemáticas)  |9 338128 
650 0 |a Ecuaciones  |9 260137 
650 0 |a Física cuántica  |9 354949 
583 |a last modification  |c 20150504 04:52:51  |k Rodrigo Vera 
490 0 |a Dover Books on Physics 
999 |c 309303  |d 309301 
952 |0 0  |1 0  |4 0  |6 530_150000000000000_BYR_1992  |7 0  |8 A  |9 376720  |a BIBCUR  |b BIBCUR  |d 2019-11-21  |i 4020626  |o 530.15 BYR 1992  |p 4020626  |r 2025-04-22  |w 2019-11-21  |y BK  |k FIS